Statistics for County Seats of California

Click here to take the quiz!

General Stats

  • This quiz has been taken 45 times
  • The average score is 35 of 58

Answer Stats

CountySeat% Correct
KernBakersfield
100%
___ _______Los Angeles
95%
AlamedaOakland
95%
___ _____San Diego
95%
___ _________San Francisco
95%
Santa ClaraSan Jose
95%
HumboldtEureka
90%
______Fresno
90%
San JoaquinStockton
90%
_________Riverside
85%
_________Sacramento
85%
___ _________San Bernardino
85%
___ ____ ______San Luis Obispo
85%
_____ _______Santa Barbara
85%
StanislausModesto
80%
MontereySalinas
80%
OrangeSanta Ana
80%
ShastaRedding
75%
_____ ____Santa Cruz
75%
SonomaSanta Rosa
75%
TulareVisalia
75%
LassenSusanville
70%
_______Ventura
70%
Del NorteCrescent City
65%
ImperialEl Centro
65%
______Merced
65%
El DoradoPlacerville
65%
SutterYuba City
65%
____Napa
60%
MarinSan Rafael
60%
SiskiyouYreka
60%
ModocAlturas
55%
SolanoFairfield
55%
San MateoRedwood City
55%
MendocinoUkiah
55%
Contra CostaMartinez
50%
TehamaRed Bluff
50%
InyoIndependence
45%
______Madera
45%
NevadaNevada City
45%
YoloWoodland
45%
PlacerAuburn
40%
MonoBridgeport
40%
______Colusa
40%
TrinityWeaverville
40%
________Mariposa
35%
AlpineMarkleeville
35%
YubaMarysville
35%
TuolumneSonora
35%
KingsHanford
30%
San BenitoHollister
30%
LakeLakeport
30%
ButteOroville
30%
PlumasQuincy
30%
AmadorJackson
25%
CalaverasSan Andreas
25%
SierraDownieville
20%
GlennWillows
20%

Score Distribution

Percentile by Number Answered

Percent of People with Each Score

Your Score History

You have not taken this quiz